Les surprenants chiffres des Français - 14 - Statistiques

Statistiques générales
  • Ce quiz a été pris 20 fois
  • Le résultat moyen est 7 sur 15
Statistiques - réponses
Hint Réponse % Correct
20h par jour Temps de sommeil d'un nouveau-né
100%
16 Euros par jour Budget voiture moyen des Français
94%
60 kilomètres Trajet moyen sur autoroute en France
94%
72 % des porteurs de lentilles de contact sont des femmes
88%
15 % des Français sont obèses
59%
118 jours par an Temps moyen de sommeil des Français
59%
6 par minute Dons de sang en France
35%
5000 par an nouveaux cas de SIDA en France
35%
Entre 900000 et 1 Million Accidents domestiques liés au sport
29%
225000 par an nouveaux cas d'Alzheimer en France
29%
13 Millions par an Nombre de paires de lunettes vendues en France
24%
520000 par an curistes en France
18%
30 Millions Nombre de presbytes en France
18%
65000 par an poses de stimulateurs cardiaques en France
18%
8000 nouveaux cas de Parkinson en France
6%
Aucun quiz correspondant
Distribution des résultats
% des personnes avec chaque résultat
Percentile par nombre de réponses
Votre historique - résultats
Vous n’avez pas pris ce quiz